| 000 | 00372nam a22001217a 4500 | ||
|---|---|---|---|
| 020 | _a0201615754 | ||
| 082 |
_222 _a005.1 |
||
| 100 | _aPiemonte, Reffacle and Jamison, Scott. | ||
| 245 | _aDeveloping applications using outlook 2010, CDO, exchange and visual basic / | ||
| 260 |
_aUSA, _bAddison Werley, _cc2000. |
||
| 300 |
_axxiii, 553p. ; _bill. ; _c23 cm. |
||
| 942 |
_2ddc _cIT |
||
| 999 |
_c1839 _d1839 |
||